| 000 | 00559nam a22001697a 4500 | ||
|---|---|---|---|
| 003 | NUST | ||
| 038 | _aNusrat Nadeem | ||
| 082 | _a200 | ||
| 100 |
_aSubhan, Ayesha _9120145 |
||
| 245 |
_aDesign, Analysis and Implementation of wide-band antenna for IBFD Applications/ _cAyesha Subhan |
||
| 264 |
_aIslamabad, _bSEECS NUST, _c2023. |
||
| 300 |
_aill: _b57,p: _c30,cm. |
||
| 690 |
_aMS-Electrical Engineering _923567 |
||
| 700 |
_aSupervisor: Dr. Nosherawan Shoaib _9120146 |
||
| 856 | _u http://10.250.8.41:8080/xmlui/handle/123456789/41725 | ||
| 942 |
_2ddc _cSC |
||
| 999 |
_c607570 _d607570 |
||